00643nam a2200157 a 4500001001000000003000900010005001700019008004100036040002500077245016800102260005900270300002000329942001400349952010500363999001700468000031833DO-SdBNP20231030103259.0110706s1974 dr 000 0 spa d aDO-SdBNPbspacBNPHU00aDiscurso pronunciado por el excelentísimo señor presidente de la República Doctor Joaquín Balaguer en el Congreso Nacional, el día 27 de febrero de 1974. aSanto Domingo :bPresidencia de la República,c1974. a55 p. ;c22 cm. 2ddccLBS1 0010718PDaPDbPDcCTd2011-07-06iLF1l0o p31833-10r2020-06-25w2020-06-25yLFPDZNo se presta c31325d31325